[Event "Thessaloniki-Chalkidiki-chT B local"]
[Site "Thessaloniki"]
[Date "2019.02.10"]
[Round "4.2"]
[White "Tolias, Dimitrios"]
[Black "Tsiakmakis, Christos"]
[Result "0-1"]
[WhiteElo "1613"]
[BlackElo "1546"]
[PlyCount "58"]
[EventDate "2019.01.13"]
[EventType "team-swiss"]
[EventRounds "9"]
[EventCountry "GRE"]
[SourceTitle "EXT 2020"]
[Source "ChessBase"]
[SourceDate "2019.10.17"]
[SourceVersion "1"]
[SourceVersionDate "2019.10.17"]
[SourceQuality "1"]

1. g3 g6 2. Bg2 Bg7 3. c4 e5 4. Nc3 Nc6 5. Nf3 d6 6. Rb1 Nf6 7. d3 0-0 8. 0-0 a5 9. a3 h6 10. Bd2 Be6 11. b4 axb4 12. axb4 Qd7 13. b5 Ne7 14. Qc2 Bh3 15. Ra1 Bxg2 16. Kxg2 Nf5 17. Ra4 Nd4 18. Nxd4 exd4 19. Ne4 Ng4 20. Bc1 Rae8 21. Re1 f5 22. Nd2 f4 23. Ne4 fxg3 24. hxg3 Rxe4 25. dxe4 Rxf2+ 26. Kg1 Qf7 27. Bf4 g5 28. c5 gxf4 29. cxd6 Rg2+ 0-1